000 01595nam a22003977a 4500
003 CHAP
005 20220329135619.0
008 971013s1964 r 00010 d
010 _a39319
011 _a40291
035 _a44416
040 _cCHAP
082 _a338.54
_bE88 1964
100 0 0 _aEstey, James Arthur.
_938309
245 _aTratado sobre los ciclos económicos
250 _a5 ed.
260 _aMéxico, D. F. :
_bFondo de Cultura Económica,
_c1964
300 _a564 p.
590 _aBATCH-UPD
_b10
_c20130110
_lUCH01
_h1946
590 _aBATCH-UPD
_b10
_c20130410
_lUCH01
_h1309
590 _aBATCH-UPD
_b10
_c20130914
_lUCH01
_h0933
590 _aCONVERSION
_b10
_c20130109
_lUCH01
_h1322
650 1 4 _aCiclos económicos.
_923078
901 _aBK
942 _cLIBRO
949 _a338.54 E88 15464
_bBC
_cLIBRO
_d33724000419198
_eLIBRO
_h6155
_i44416
_si
949 _a338.54 E88 1964
_bBC
_cBPA
_d-101748
_eBPA
_fc.6
_h6161
_i44416
_si
949 _a338.54 E88 1964
_bBC
_cBPA
_d-101749
_eBPA
_fc.7
_h6161
_i44416
_si
949 _a338.54 E88 1964
_bBC
_cBPA
_d-101751
_eBPA
_fc.8
_h6162
_i44416
_si
949 _a338.54 E88 1964
_bBC
_cBPA
_d-101752
_eBPA
_fc.9
_h6163
_i44416
_si
949 _a338.54 E88 1964
_bBC
_cBPA
_d-101753
_eBPA
_fc.10
_h40344
_i44416
_si
949 _a338.54 E88 1964
_bBC
_cLIBRO
_d33724000419206
_eLIBRO
_fc.2
_h6156
_i44416
_si
949 _a338.54 E88 1964
_bBC
_cLIBRO
_d33724000419222
_eLIBRO
_fc.3
_h6157
_i44416
_si
949 _a338.54 E88 1964
_bBC
_cLIBRO
_d33724000419230
_eLIBRO
_fc.5
_h6159
_i44416
_si
949 _a338.54 E88 1964
_bBC
_cLIBRO
_d33724000579512
_eLIBRO
_fc.4
_h6158
_i44416
_sb
999 _c39319
_d39319